00629nam a2200169 4500001000700000003000900007005001700016007000300033008004100036100006100077245009100138260003000229300002900259852003200288999001900320952012000339137526ES-MaACL20230906195405.0t|070214s1945 sp r ||||1| spa d1 aSánchez Cantón, Francisco Javier,d1891-1971910252110aMuseo del Prado b: catálogo de los cuadros / cFrancisco Javier Sánchez Cantón. aMadrid : bBlass, c1945. aXVIII, 850 p. ; c18 cm. aES-MaACLjB-10472 bR.21631 c137526d137526 00104070aATENEOMbATENEOMcSPBd2008-01-17eSCl0oB-10472p1143114r2023-02-23 00:00:00w2023-02-23yMONOGRAFIA